000 00362nam a2200109Ia 4500
008 160909s9999 xx 000 0 und d
100 _aDemko, Robert W.
245 _aIs calorie estimation of foods associated with body mass index?
260 _bBastyr University.
_c2016
650 _aMASS COM
856 _uhttp://pqdtopen.proquest.com/doc/1808920656.html?FMT=ABS
999 _c304240
_d304240